000 00591cab a2200217 4500
001 X1727
008 090401t1994 xxu||||| |||| 00| 0 eng d
035 _a(Sirsi) u18920
041 _aeng
245 _aEastern European experience for the RICS
260 _c1994
350 _a0
490 _aCSM (Chartered Surveyor Monthly)
_v3(11) September 1994, 8(1)
650 _aEASTERN EUROPE
650 _aINTERNATIONAL CO-OPERATION
650 _aRICS
690 _aOVERSEAS-EUROPE
690 _aMANAGEMENT-BUSINESS MANAGEMENT-PROFESSIONAL PRACTICE
942 _n0
948 _c04/03/1997
999 _c12584
_d12584